Vainqueurs de la Vuelta - Statistiques

Statistiques générales
  • Ce quiz a été pris 442 fois
  • Le résultat moyen est 29 sur 74
Statistiques - réponses
Année Vainqueur Pays % Correct
2011 Christopher Froome Royaume-Uni
99%
2017 Christopher Froome Royaume-Uni
99%
2008 Alberto Contador Espagne
96%
2012 Alberto Contador Espagne
96%
2014 Alberto Contador Espagne
96%
2019 Primoz Roglic Slovénie
96%
2010 Vicenzo Nibali Italie
94%
2016 Nairo Quintana Colombie
91%
1978 Bernard Hinault France
87%
1983 Bernard Hinault France
87%
1973 Eddy Merckx Belgique
85%
2006 Alexandre Vinokourov Kazakhstan
79%
1995 Laurent Jalabert France
75%
1963 Jacques Anquetil France
71%
1999 Jean Ullrich Allemagne
70%
2015 Fabio Aru Italie
69%
2018 Simon Yates Royaume-Uni
69%
2009 Alejandro Valverde Espagne
65%
2007 Denis Menchov Russie
60%
1964 Raymond Poulidor France
59%
2013 Christopher Horner États-Unis
51%
1992 Tony Rominger Suisse
51%
1993 Tony Rominger Suisse
51%
1994 Tony Rominger Suisse
51%
1996 Alex Zulle Suisse
48%
1997 Alex Zulle Suisse
48%
1970 Luis Ocana Espagne
47%
1985 Pedro Delgado Espagne
47%
1989 Pedro Delgado Espagne
47%
2000 Roberto Heras Espagne
44%
2003 Roberto Heras Espagne
44%
2004 Roberto Heras Espagne
44%
2005 Roberto Heras Espagne
44%
1988 Sean Kelly Irlande
42%
1968 Felice Gimondi Italie
40%
1979 Joop Zoetemelk Pays-Bas
40%
1987 Luis Herrera Colombie
39%
1967 Jan Janssen Pays-Bas
33%
1945 Delio Rodriguez Espagne
27%
1950 Emilio Rodriguez Espagne
27%
1969 Roger Pingeon France
27%
1998 Abraham Olano Espagne
25%
2002 Altor Gonzalez Espagne
23%
1984 Éric Caritoux France
22%
1962 Rudi Altig Allemagne
19%
1977 Freddy Maertens Belgique
17%
1958 Jean Stablinski France
17%
1991 Melchor Mauri Espagne
17%
2001 Angel Casero Espagne
15%
1981 Giovanni Battaglin Italie
14%
1972 Jose Manuel Fuente Espagne
12%
1974 Jose Manuel Fuente Espagne
12%
1955 Jean Dotto France
11%
1990 Marco Giovannetti Italie
11%
1935 Gustaaf Deloor Belgique
10%
1936 Gustaaf Deloor Belgique
10%
1986 Alvaro Pino Espagne
9%
1941 Julian Berrendero Espagne
9%
1942 Julian Berrendero Espagne
9%
1982 Marino Lejarreta Espagne
9%
1975 Agustin Tamames Espagne
8%
1961 Angelino Soler Espagne
8%
1948 Bernardo Ruiz Espagne
8%
1971 Ferdinand Bracke Belgique
8%
1959 Antonio Suarez Espagne
7%
1980 Faustino Ruperez Espagne
7%
1960 Frans De Mulder Belgique
7%
1965 Rolf Wolfshohl Allemagne
7%
1956 Angelo Conterno Italie
6%
1947 Edward Van Dyck Belgique
6%
1966 Francisco Gabica Espagne
6%
1957 Jesus Lorono Espagne
6%
1946 Dalmacio Langarica Espagne
5%
1976 Jose pesarrodona Espagne
3%
Aucun quiz correspondant
Distribution des résultats
% des personnes avec chaque résultat
Percentile par nombre de réponses
Votre historique - résultats
Vous n’avez pas pris ce quiz